Dějiny klasické sociologie

Gespeichert in:
Bibliographische Detailangaben
1. Verfasser: Keller, Jan
Format: Buch
Sprache:Tschechisch
Veröffentlicht: Praha Sociologické nakladatelství (SLON) 2005
Ausgabe:2. vyd.
Schriftenreihe:Studijní texty
Schlagworte:
Tags: Tag hinzufügen
Keine Tags, Fügen Sie das erste Tag hinzu!

MARC

LEADER 00000nam$a2200000$$$4500
001 0044806
005 20240306141326.8
020 |a 80-86429-52-0 
041 0 |a cze 
044 |a CZ 
245 1 0 |a Dějiny klasické sociologie  |c Jan Keller 
250 |a 2. vyd. 
264 1 |a Praha  |b Sociologické nakladatelství (SLON)  |c 2005 
300 |a 529 s. 
490 1 |a Studijní texty 
830 0 |a Studijní texty 
610 2 0 |a sociológia 
610 2 0 |a sociológovia 
610 2 0 |a teórie sociologické 
610 2 0 |a smery sociologické 
610 2 0 |a spoločnosť 
610 2 0 |a dejiny 
100 1 |a Keller, Jan